fn-fn : figurative non-figurative narration : auctions of Indian modern & contemporary paintings and books /

Bibliographic Details
Other Authors: Tuli, Neville
Format: Book
Language:English
Published: Mumbai : Osian's, 2003.
Subjects:

MARC

Tag First Indicator Second Indicator Subfields
LEADER 00000cam a2200000Ia 4500
001 in00002017552
005 20151031152759.0
008 041111s2003 ii a b 000 0 eng d
020 |a 8190124773 (Osians) 
020 |a 8188204277 (Mapin) 
020 |a 1890206636 (Grantha) 
035 |a (OCoLC)ocm56952246 
040 |a EZC  |c EZC  |d TXA  |d UtOrBLW 
049 |a TXAM 
090 |a ND1004  |b .F54 2003 
245 0 0 |a fn-fn :  |b figurative non-figurative narration : auctions of Indian modern & contemporary paintings and books /  |c curated by Neville Tuli. 
246 3 0 |a Figurative non-figurative narration 
264 1 |a Mumbai :  |b Osian's,  |c 2003. 
300 |a 275 pages :  |b chiefly color illustrations ;  |c 28 cm. 
336 |a text  |b txt  |2 rdacontent 
337 |a unmediated  |b n  |2 rdamedia 
338 |a volume  |b nc  |2 rdacarrier 
500 |a Catalog of an exhibition held at the Experimental Theatre at the NCPA, Nariman Point, Mumbai, November 27, 2003, preview held at Osian's, Saturday November 15-16 2003. 
504 |a Includes bibliographical references (pages 261-270) and indexes. 
650 0 |a Painting, Indic  |y 20th century  |v Exhibitions. 
650 0 |a Painting, Indic  |y 21st century  |v Exhibitions. 
650 0 |a Books  |z India  |v Exhibitions. 
650 0 |a Art auctions  |z India  |z Mumbai  |v Catalogs. 
700 1 |a Tuli, Neville. 
948 |a cataloged  |b h  |c 2004/12/14  |d c  |e jgreene  |f 10:45:36 am 
994 |a E0  |b TXA 
999 |a MARS 
999 f f |s f9668afb-589b-3ca8-b4e9-3b8944110a05  |i 99d6e32e-6d8c-349c-a159-cf79fd1f1385  |t 0 
952 f f |p normal  |a Texas A&M University  |b College Station  |c Sterling C. Evans Library  |d Evans: Library Stacks  |t 0  |e ND1004 .F54 2003  |h Library of Congress classification  |i unmediated -- volume  |m A14831691344 
998 f f |a ND1004 .F54 2003  |t 0  |l Evans: Library Stacks